[Event "Candidates Tournament"]
[Site "London"]
[Date "2013.03.15"]
[Round "1"]
[White "Aronian, Levon"]
[Black "Carlsen, Magnus"]
[Result "1/2-1/2"]
[WhiteElo "2809"]
[BlackElo "2872"]
[Annotator "Marin,Mihail"]
[PlyCount "61"]
[EventDate "2013.03.15"]
[EventType "tourn"]
[EventRounds "14"]
[EventCountry "ENG"]
[EventCategory "22"]
[SourceTitle "CBM 154"]
[Source "ChessBase"]
[SourceDate "2013.05.15"]
[SourceVersion "1"]
[SourceVersionDate "2013.05.15"]
[SourceQuality "1"]

1. d4 Nf6 2. c4 e6 3. Nf3 Bb4+ 4. Bd2 Bxd2+ 5. Qxd2 d5 {This apparently simplistic way of playing used to be a specialty of Ulf Andersson, a completely different kind of player from Carlsen.} 6. Nc3 ({The typical way of meeting any Bogo-Indian setup is based on the kingside fianchetto; Carlsen had some recent experience against it, though.} 6. g3 O-O 7. Bg2 Nbd7 8. O-O c6 9. Rc1 b6 10. cxd5 (10. b4 {Topalov,V (2803)-Carlsen,M (2826)/Nanjing 2010/CBM 139/[Edouard,R] (0-1, 33)}) 10... cxd5 11. Nc3 (11. Na3 {Kramnik,V (2784)-Carlsen,M (2814)/Wijk aan Zee 2011/CBM 141/[Moradiabadi/Karsten Mueller] (0-1, 85)}) 11... Ba6 {Wang Yue (2732)-Carlsen,M (2826)/Nanjing 2010/CBM 139/[Edouard,R] (1/2, 28)}) 6... O-O 7. e3 {Before moving forward, I find it useful to relate the position to some refefrence points from well settled theory. In the Orthodox lines of the Queen's Gambit, Black frequently aims to exchange the dark-squared bishops, in order to get some space for the queen and release the pressure against the f6-knight. Two classical ways of achieving that are the Capablanca System (...dxc4 followed by ...d5) and he Lasker System (...e4).. From this point of view, I find some positive aspects in the Bogo setup: Black exchanges the bishops without the need to give up the tension in the centre with ...dxc4 or moving for the second time with an already developed knight.} Qe7 {The perfect square for the queen in many Bogo-Indian lines.} 8. Rc1 Rd8 {This way of putting pressure on the white centre is reminsicent to some extent of one of the plans in the Lasker System.} 9. Qc2 ({Deviating from an earlier Carlsen game:} 9. cxd5 exd5 10. Bd3 Nc6 {An useful preparation for ...e4.} (10... Ne4 11. Qc2 $14) 11. Bb5 (11. O-O Ne4 12. Qe2 Bg4) (11. a3 {is too slow: after having taken the e5-square under control, Black can develop his initiative with} Bg4) 11... Rd6 {Somewhat similar to one of the Lasker System variations, successfully used by Yusupov during his candidates match against Karpov, ages ago.} 12. Bxc6 Rxc6 13. Ne5 Re6 14. f3 b6 15. O-O Bb7 16. Rfe1 h6 17. Ne2 c5 18. Nf4 Rd6 19. dxc5 bxc5 20. Ned3 c4 21. Nb4 Rad8 22. Nc2 Nd7 23. Nd4 Ne5 $132 {Bacrot,E (2713)-Carlsen,M (2837)/Biel 2012/CBM 150 (1/2, 56)}) 9... a6 $5 {Resorting to a basic idea from other Queen's Gambit setups than those mentioned above. Black prepares the queenside expansion with ...b5 and ...c5, waiting with ...dxc4 until White has spent a tempo on developing his bishop.} (9... Nbd7 10. cxd5 exd5 11. Bd3 Nf8 12. O-O {The position is typical for the Karlsbad/Exchange Variation of the Queen's Gambit. The previous exchange of the bishops ensures Black some freedom of action for his major pieces. It is interesting to follow the harmonious regrouping of two great modern/classic players of completely different style.} Ng6 (12... c6 13. a3 Ng6 14. h3 Rd6 15. Rfe1 Bd7 16. Nd2 Re8 $11 {Van der Sterren,P (2470)-Andersson,U (2605)/Wijk aan Zee 1988/CBM 005 (0-1, 40)}) 13. Ne2 c6 14. Ng3 Re8 15. Qc5 Qd8 16. Nd2 Nh4 17. b4 a6 18. a4 Bd7 19. Rb1 Ng4 20. Qc2 g6 21. b5 axb5 22. axb5 h5 23. bxc6 bxc6 24. Rfe1 Qf6 {One can feel the kingside pressure already.} 25. Ndf1 {Ironically, this knight does not only fail to defend the king, but it also takes away an important square from the king and bishop.} (25. Nb3 Nxg2 $1 26. Kxg2 h4 27. Nc5 Bc8 {Retreating with the knight leads to disaster after ...h3!+, but} 28. Qe2 Kg7 {...h8 does not spare White problems, either. Once again, stepping back is bad:} 29. Nf1 h3+ 30. Kg1 Ra2 $1 31. Nd2 Qd6 $19) 25... Ra3 26. Re2 c5 $1 {Excellent! White cannot defend both wings properly.} 27. dxc5 Ne5 28. Bb5 $2 Qf3 $3 {0-1 Andruet,G (2450)-Spassky,B (2565)/Germany 1988/GER-chT} 29. gxf3 Nexf3+ 30. Kh1 Bh3 $1 {...g2# What a shock! The f1-knight is Black's best friend. One move earlier, it prevented f1, now it does not allow the defence f1.}) ({In practice, White has failed to prove anything convincing after the simplistic} 9... dxc4 10. Bxc4 c5 {, but the general feeling is that Black has not equalised completely at this stage.} 11. O-O Nc6 (11... cxd4 12. Nxd4 Bd7 13. Rfd1 Nc6 14. Bb5 Rac8 15. Nxc6 Bxc6 16. Bxc6 Rxc6 17. Rxd8+ Qxd8 18. Rd1 {1/2 Andersson,U (2640)-Spassky,B (2605)/Tilburg 1983/MCD} Qb8 19. Qd3 Rc8 20. h3 {1/2 Chernin,A (2565)-Spassky,B (2620)/Reggio Emilia 1986/CBM 004}) (11... Nbd7 12. Rfd1 cxd4 13. Rxd4 Nb6 14. Rxd8+ Qxd8 15. Bb5 Bd7 $11 {Akobian,V (2622)-Ghaem Maghami,E (2572)/Al Ain 2012/CBM 152 (1/2, 30)}) 12. dxc5 Qxc5 13. Ne4 Qe7 14. a3 Bd7 15. Bd3 (15. Rfd1 Be8 {1/2 Vaganian,R (2630)-Karpov,A (2700)/London 1984/MCL}) 15... h6 16. b4 Rac8 {Nikolic,P (2540)-Andersson,U (2640)/Niksic 1983/MCD (0-1, 39)}) 10. a3 (10. cxd5 exd5 11. Bd3 {can again be met with} Nc6 $5 12. Be2 Bg4 (12... g6 $5) 13. O-O Ne4 14. h3 Bh5 15. Ne5 Nb4 16. Qd1 Bxe2 17. Qxe2 f6 18. Nf3 Rd7 19. a3 Nc6 20. b4 Nxc3 21. Rxc3 Na7 22. Rc5 Nc8 23. Rfc1 c6 24. a4 Nd6 {Akobian,V (2621)-Krush,I (2461)/Philadelphia 2012/CBM 147 Extra (1/2, 44). After the knight has reached d6, only Black can be better. Compare with the famous Portisch-Kasparov Skelleftea 1989 and Bobotsov-Petrosian Lugano (ol) 1968 games.}) 10... Nbd7 11. Be2 $6 $146 {This does not make any effort to cross Black's plans.} (11. h3 {is only a little bit better, because h2-h3 does not change anything essentially.} dxc4 12. Bxc4 c5 13. O-O b5 14. Ba2 (14. Be2 {would almost transpose to the main game.}) 14... Bb7 15. Qe2 cxd4 16. exd4 Nb6 $11 {Mukhaev,A (2315)-Kholmov,R (2465)/Moscow 1997/EXT 2000 (1/2, 50)}) ({Probably this is a good moment to exchange on d5, since the insertion of ...a6 and a3 may favour White strategically.} 11. cxd5 exd5 12. Na4 $5 (12. Bd3 c5 13. dxc5 Nxc5 14. O-O Bg4 15. Nd4 Rac8 {may offer Black some dynamic compensation for the isolani with a supposedly bad bishop.}) 12... c6 13. Bd3 Ne4 14. O-O Re8 15. b4 {[%csl Rb6][%cal Ga4c5,Gf3d2]}) 11... dxc4 12. Bxc4 c5 13. Be2 b5 14. dxc5 Qxc5 15. b4 Qe7 16. O-O Bb7 {Black has equalised completely; in fact, White's position has somewhat lost flexibility, which explains why Aronian decides to force drawish exchanges.} 17. a4 $11 (17. Rfd1 Rac8 18. Qb3 Bxf3 19. Bxf3 Ne5 {[%csl Gc4] is the typical neutral course which could favour only Black.}) 17... Qxb4 18. axb5 axb5 19. Qb1 Qxb1 20. Rxb1 Bxf3 21. Bxf3 Rab8 22. Nxb5 Ne5 23. Nd4 Nxf3+ 24. Nxf3 Rxb1 25. Rxb1 h6 26. h3 g5 27. g4 Kg7 28. Kg2 Rd7 29. Rb2 $146 ({RR} 29. Rb4 Nd5 30. Rd4 Nf6 31. Rxd7 Nxd7 {½-½ (31) Dobrovoljc,V (2383)-Markoja,B (2447) Slovenia 2019}) 29... Rc7 30. Nd4 Nd5 31. Rc2 1/2-1/2

[Event "Candidates Tournament"]
[Site "London"]
[Date "2013.03.25"]
[Round "9"]
[White "Kramnik, Vladimir"]
[Black "Carlsen, Magnus"]
[Result "1/2-1/2"]
[WhiteElo "2810"]
[BlackElo "2872"]
[Annotator "ChessBase II"]
[PlyCount "82"]
[EventDate "2013.03.15"]
[EventType "tourn"]
[EventRounds "14"]
[EventCountry "ENG"]
[EventCategory "22"]
[SourceTitle "CBM 154"]
[Source "ChessBase"]
[SourceDate "2013.05.15"]
[SourceVersion "1"]
[SourceVersionDate "2013.05.15"]
[SourceQuality "1"]

1. d4 Nf6 2. c4 e6 3. g3 d5 4. Bg2 Be7 5. Nf3 O-O 6. O-O dxc4 7. Ne5 Nc6 8. Bxc6 bxc6 9. Nxc6 Qe8 10. Nxe7+ Qxe7 11. Qc2 e5 12. Rd1 Rb8 $146 ({RR} 12... exd4 13. Rxd4 Be6 14. Nc3 Rfd8 15. Rxd8+ Rxd8 16. Bg5 h6 17. Bxf6 Qxf6 18. Rd1 Rb8 19. Rd2 Qe5 20. Kg2 Re8 21. Qa4 Ra8 22. Qc6 Rb8 23. f4 Qa5 24. e4 Kh7 25. f5 Bc8 26. Qxc4 Bb7 27. Qxf7 {Horvath,C (2546)-Lagumina,G (2326) Forni di Sopra 2015 1-0}) ({RR} 12... Bb7 13. Nc3 Rad8 14. dxe5 Rxd1+ 15. Qxd1 Qxe5 16. Bf4 Qe6 17. f3 Qb6+ 18. Kg2 Qxb2 19. Qc1 Qb6 20. Rb1 Qc6 21. Qd2 a6 22. e4 h6 23. Qd4 Bc8 24. Be5 Be6 25. Rb2 Ne8 26. Rd2 f6 27. Bf4 {Cheparinov,I (2682)-Radjabov,T (2724) Dubai 2014 1-0 (77)}) ({RR} 12... Rd8 13. dxe5 Rxd1+ 14. Qxd1 Qxe5 15. Bf4 Qe7 16. Nc3 Bb7 17. Qd4 Qe6 18. Rd1 h5 19. f3 h4 20. g4 Qb6 21. Qxb6 cxb6 22. Bg5 h3 23. Bxf6 gxf6 24. Rd7 Bc8 25. Rd8+ Kg7 26. Nb5 Bb7 27. Rxa8 {Xiu Deshun (2518)-Ho,I (1833) Shenzhen CHN 2025 1-0 (36)}) ({RR} 12... exd4 13. Rxd4 Be6 14. Nc3 Rad8 15. Rxd8 Rxd8 16. Bg5 h6 17. Bxf6 Qxf6 18. Rd1 Rxd1+ 19. Qxd1 Qe5 20. Kg2 g6 21. Qd2 Kg7 22. Qf4 Qc5 23. f3 Bf5 24. h4 h5 25. Qd2 Qe5 26. Kf2 Kh7 27. Qe3 {Kovalev,D (2487)-Koval,A (2196) chess.com INT 2024 1-0 (50)}) 13. Nc3 h6 14. dxe5 Qxe5 15. Bf4 Qe7 16. Rd4 Be6 17. Rad1 Rb6 18. Qd2 Kh7 19. f3 Rfb8 20. Qe3 Rxb2 21. Rxc4 R2b7 22. Ra4 Re8 23. Rxa7 Rxa7 24. Qxa7 Qb4 25. Be5 $2 (25. Qd4 $14) 25... Nd5 26. Nxd5 Bxd5 27. Qxc7 Qc4 28. a3 f6 29. Qxc4 Bxc4 30. Bc3 Rxe2 31. Rd4 Bb5 32. Bb4 Re3 33. Kf2 Re2+ 34. Kg1 Re3 35. f4 Re2 36. Rd6 Rc2 37. g4 Bc6 38. Bd2 Bf3 39. h3 Ra2 40. Bb4 Rg2+ 41. Kf1 Rh2 1/2-1/2

[Event "Candidates Tournament"]
[Site "London"]
[Date "2013.03.28"]
[Round "11"]
[White "Grischuk, Alexander"]
[Black "Carlsen, Magnus"]
[Result "1/2-1/2"]
[WhiteElo "2764"]
[BlackElo "2872"]
[Annotator "Marin,Mihail"]
[PlyCount "46"]
[EventDate "2013.03.15"]
[EventType "tourn"]
[EventRounds "14"]
[EventCountry "ENG"]
[EventCategory "22"]
[SourceTitle "CBM 154"]
[Source "ChessBase"]
[SourceDate "2013.05.15"]
[SourceVersion "1"]
[SourceVersionDate "2013.05.15"]
[SourceQuality "1"]

1. d4 Nf6 2. c4 g6 3. Nc3 d5 4. Nf3 Bg7 5. h4 $5 {This extravagant move has some abstract justification. Black's position in the centre is not too stable, quite typically for the Grünfeld, so he might be not that well prepared against the brutal advance of the h-pawn.} c6 {Adding some stability to the centre, so as to parry h4-h5, at least for the time being.} ({If} 5... h5 6. Bg5 {the insertion of the moves h4 and ...h5 ensures that the g5-bishop is defended, rendering the typical ...f6-e4 ineffective.} c6 7. e3 $14 {Kadas,G (2224)-Bakos,B (2234)/Hungary 2006/EXT 2009 (0-1, 39)}) 6. Bg5 ({In the few games played with this line,} 6. cxd5 cxd5 7. Bf4 {In principle, the move h2-h4 does not seem to fit into what would otherwise be a marginally better position for White. Still, in the long run the threat h4-h5 may become real and if Black prevents it with ...h7-h5, things would already look coherent from White's point of view.} Nc6 8. e3 O-O 9. Ne5 (9. Be2 Bg4 10. O-O e6 11. Rc1 Rc8 {Melkumyan,H (2649)-Erdos,V (2637)/Germany 2013/CBM 153 (1/2, 58)}) 9... Qb6 (9... Be6 10. Nd3 b6 11. Be2 h5 12. Rc1 Bg4 13. f3 Bd7 14. b4 e6 15. Qb3 $14 {Nenezic,M (2400)-Maric,D (2207)/Belgrade 2013/CBM 152 Extra (1-0, 36)}) 10. Qb3 Qxb3 (10... Bf5 11. Be2 h5 {Sadorra,J (2431)-Gopal,G (2548)/Beijing 2008/CBM 126 Extra (1-0, 29)} 12. Qxb6 axb6 13. f3 $14) 11. axb3 Nb4 12. Kd2 h5 13. Nd3 Nc6 (13... Nxd3 14. Bxd3 {[%cal Gc3b5]} Bd7 15. Ra5 $14) 14. f3 Bf5 15. Ne5 $14 {Morozevich,A (2748)-Giri,A (2720)/Beijing 2012/ (1-0, 49). In all these games, White's better control in the centre and the king's centralisation make his position more pleasant.}) 6... O-O $146 {This flexible developing move invites White to display his cards.} (6... Ne4 7. cxd5 (7. e3 $5 $14) 7... cxd5 8. Qb3 Nxc3 {1/2 Wocke,R-Chandler,P/Wiesbaden 1988/GER}) 7. Bxf6 ({One possible problem is that the natural} 7. e3 {cuts off the bishop's retreat, allowing} Nh5 $5 {[%cal Gh7h6]}) 7... Bxf6 (7... exf6 $5 {might also be playable.} 8. cxd5 cxd5 9. e3 Nc6 {[%cal Gf6f5] There is no clear plan of attacking the d5-pawn, while Black enjoys free development.}) 8. h5 Bf5 {The bishop hurries to the defence of the kingside.} (8... dxc4 9. e4 b5 ({If} 9... Be6 {then White gains time to cut the dark-squared bishop out of the play completely:} 10. e5 Bg7 11. h6 Bh8 12. Ng5 Bd5 13. Qg4 Qb6 14. O-O-O Na6 15. f4 {Black will have to play the rest of the game with his bishop immobile on h8. Besides, his king is under constant pressure. Would the extra pawn and activity of the remaining pieces compensate for these important drawbacks? With Black, I would be afraid they would not.}) 10. e5 Bg7 {Now, the same plan is more difficult to carry out; Black would react with ...f6 if needed. White may play} 11. a4 $44 {, hoping that the queenside diversion would create favourable circumstances on the opposite wing.}) 9. e3 (9. Qb3 $5 dxc4 10. Qxb7 Qb6 11. Qxb6 (11. Qxa8 Qxb2 $19) 11... axb6 12. e4 Be6 13. e5 Bg7 (13... Bh8 {anticipates the white plan, but the bishop does not stand nicely on h8.}) 14. h6 $5 Bh8 15. Ng5 Bd5 16. f4 {The h8-bishop has been cut off play mechanically. On the other hand, Black has an advantage on the queenside and in some cases he could free his bishop with a knight sacrifice on e5 (following to ...f7-f6xe5). The final evaluation is not clear to me, since the computers do not always understand the notion of a trapped piece.}) 9... e6 10. hxg6 Bxg6 $1 (10... hxg6 11. Ne5 {exposes the bishop to the threat g2-g4 and forces Black to make some concession.} c5 (11... Bxe5 12. dxe5 Qg5 13. Qd4 Nd7 14. cxd5 exd5 15. O-O-O $36) 12. g4 cxd4 13. exd4 Be4 14. f3 Bh4+ 15. Ke2 f6 16. Nd7 $5 Qxd7 17. Rxh4 g5 18. Rh1 Bg6 19. cxd5 exd5 20. Kf2 $14) 11. Bd3 Nd7 12. Qe2 $146 (12. cxd5 cxd5 {[%cal Ge6e5] does not change things essentially.}) ({RR} 12. Qd2 Qa5 13. cxd5 cxd5 14. Nh4 Rac8 15. f4 Bxh4+ 16. Rxh4 Nf6 17. Ke2 b5 18. f5 exf5 19. Nxb5 Qd8 20. Rh3 Re8 21. Rf1 Qd7 22. Nc3 Re7 23. Kd1 Qe6 24. Rff3 Rec7 25. Ke1 Rb8 26. Kf1 Qb6 {Salem,A (2594)-Lorparizangeneh,S (2277) Baku 2014 1-0 (56)}) 12... e5 $132 {Black clears the path for his Grünfeld bishop, which will compensate for the relative weakness of the Isolani.} 13. Bxg6 hxg6 14. dxe5 Nxe5 15. cxd5 cxd5 16. Rd1 Qa5 17. Kf1 {Grischuk keeps his rook on h1, in order to inhibit ...xc3.} (17. O-O Nxf3+ 18. Qxf3 Bxc3 19. Rxd5 Qxa2 20. bxc3 a5 $11) (17. Rxd5 Nxf3+ 18. Kf1 {looks trickier, but Black has some tricks as well:} Nd2+ $3 (18... Qc7 19. Qxf3 Bxc3 20. bxc3 Qxc3 21. Qh3 $36) 19. Qxd2 (19. Rxd2 Bxc3 20. bxc3 Qxc3 $11) 19... Rad8 $1 $44) 17... Rad8 18. Nd4 Qc5 $11 (18... Rfe8 $2 19. Nb3 $16 {wins the d5-pawn.}) 19. Nb3 {White has no advantage at all and, fearing the pressure of the enemy minor pieces, immediately started peace negotiations. In view of the weakness of his central pawn, Black cannot avoid the repetition.} Qc6 20. Na5 Qc7 21. Nb3 Qc6 22. Na5 Qc7 23. Nb3 Qc6 1/2-1/2